[Event "Bohumin op-B 6th"]
[Site "Bohumin"]
[Date "2023.07.06"]
[Round "6"]
[White "Kraus, Frantisek"]
[Black "Sieber, Bohumil"]
[Result "1-0"]
[WhiteElo "1854"]
[BlackElo "1465"]
[PlyCount "58"]
[EventDate "2023.07.01"]
[EventType "swiss"]
[EventRounds "9"]
[EventCountry "CZE"]
[SourceTitle "EXT 2024"]
[Source "ChessBase"]
[SourceDate "2023.10.10"]
[SourceVersion "1"]
[SourceVersionDate "2023.10.10"]
[SourceQuality "1"]

1. e4 e6 2. d4 d5 3. Nd2 c5 4. exd5 exd5 5. Ngf3 Nc6 6. Bb5 Qb6 7. Qe2+ Be7 8. dxc5 Qxc5 9. Nb3 Qd6 10. Qe5 Nf6 11. Qxd6 Bxd6 12. 0-0 0-0 13. Rd1 a6 14. Bxc6 bxc6 15. Be3 Bg4 16. Bc5 Rfd8 17. Bxd6 Rxd6 18. Rd3 Re8 19. Re1 Rde6 20. Rxe6 Rxe6 21. Nbd4 Rd6 22. b4 Bxf3 23. Rxf3 Nd7 24. Rc3 Nb8 25. a4 g6 26. b5 axb5 27. axb5 Kg7 28. bxc6 Nxc6 29. Rxc6 Kf8 1-0

[Event "Bohumin op-B 6th"]
[Site "Bohumin"]
[Date "2023.07.03"]
[Round "3"]
[White "Petrov, Nikolaj"]
[Black "Kraus, Frantisek"]
[Result "1-0"]
[WhiteElo "1608"]
[BlackElo "1854"]
[PlyCount "55"]
[EventDate "2023.07.01"]
[EventType "swiss"]
[EventRounds "9"]
[EventCountry "CZE"]
[SourceTitle "EXT 2024"]
[Source "ChessBase"]
[SourceDate "2023.10.10"]
[SourceVersion "1"]
[SourceVersionDate "2023.10.10"]
[SourceQuality "1"]

1. Nf3 Nf6 2. d4 g6 3. c4 Bg7 4. g3 0-0 5. Bg2 d6 6. 0-0 Nbd7 7. Nc3 e5 8. dxe5 dxe5 9. Qc2 c6 10. Rd1 Qc7 11. b3 Re8 12. e4 Bf8 13. Bb2 a5 14. Rac1 Nc5 15. Qe2 Bg4 16. h3 Bd7 17. Qe3 Rad8 18. Ne1 Ne6 19. Nd3 Nd4 20. Qg5 Bg7 21. Qe3 Bc8 22. Na4 b6 23. Nxe5 Qxe5 24. Bxd4 Qh5 25. g4 Bxg4 26. Rd3 Be2 27. Rd2 Bg4 28. Bxf6 1-0

[Event "Bohumin op 5th"]
[Site "Bohumin"]
[Date "2022.07.03"]
[Round "2"]
[White "Kraus, Frantisek"]
[Black "Tomaszewski, Kacper"]
[Result "0-1"]
[WhiteElo "1875"]
[BlackElo "2281"]
[PlyCount "48"]
[EventDate "2022.07.02"]
[EventType "swiss"]
[EventRounds "9"]
[EventCountry "CZE"]
[SourceTitle "CBM 209 Extra"]
[Source "ChessBase"]
[SourceDate "2022.09.30"]
[SourceVersion "1"]
[SourceVersionDate "2022.09.30"]
[SourceQuality "1"]

1. e4 c5 2. Nf3 e6 3. d4 cxd4 4. Nxd4 Bc5 5. Nb3 Bb6 6. Nc3 Ne7 7. g3 Nbc6 8. Bg2 0-0 9. 0-0 f5 10. Qe2 fxe4 11. Nxe4 Nf5 12. c3 h6 13. Be3 Nxe3 14. fxe3 d5 15. Rxf8+ Qxf8 16. Ned2 Bd7 17. Kh1 Qe7 18. Nd4 Rf8 19. Rf1 Rf6 20. Nxc6 Rxf1+ 21. Qxf1 bxc6 22. e4 Qg5 23. Qf4 Qxf4 24. gxf4 Be3 0-1

[Event "Bohumin op 4th"]
[Site "Bohumin"]
[Date "2021.07.10"]
[Round "8"]
[White "Pilch, Roman"]
[Black "Kraus, Frantisek"]
[Result "1/2-1/2"]
[WhiteElo "2131"]
[BlackElo "1934"]
[PlyCount "57"]
[EventDate "2021.07.03"]
[EventType "swiss"]
[EventRounds "9"]
[EventCountry "CZE"]
[SourceTitle "CBM 203 Extra"]
[Source "ChessBase"]
[SourceDate "2021.09.30"]
[SourceVersion "1"]
[SourceVersionDate "2021.09.30"]
[SourceQuality "1"]

1. Nf3 Nf6 2. c4 g6 3. Nc3 Bg7 4. e4 d6 5. d4 0-0 6. Be2 e5 7. dxe5 dxe5 8. Qxd8 Rxd8 9. Bg5 Re8 10. 0-0-0 c6 11. Nxe5 Rxe5 12. Rd8+ Re8 13. Bxf6 Rxd8 14. Bxd8 Bxc3 15. bxc3 Be6 16. Kb2 Kf8 17. Rd1 Nd7 18. Bc7 Ke8 19. Bd6 c5 20. Kc2 Rc8 21. Rb1 Rc6 22. Bf4 Ra6 23. Rxb7 Rxa2+ 24. Rb2 Ra4 25. f3 Nb6 26. Be3 Ra5 27. Rb5 Ra2+ 28. Rb2 Ra5 29. Rb5 1/2-1/2

[Event "Bohumin op 4th"]
[Site "Bohumin"]
[Date "2021.07.07"]
[Round "5"]
[White "Kraus, Frantisek"]
[Black "Mrazek, Roman1111"]
[Result "1/2-1/2"]
[WhiteElo "1934"]
[BlackElo "1563"]
[PlyCount "56"]
[EventDate "2021.07.03"]
[EventType "swiss"]
[EventRounds "9"]
[EventCountry "CZE"]
[SourceTitle "CBM 203 Extra"]
[Source "ChessBase"]
[SourceDate "2021.09.30"]
[SourceVersion "1"]
[SourceVersionDate "2021.09.30"]
[SourceQuality "1"]

1. e4 c5 2. Nf3 d6 3. d4 cxd4 4. Nxd4 Nf6 5. Nc3 g6 6. Be2 Bg7 7. Be3 0-0 8. 0-0 Nc6 9. h3 Bd7 10. Qd2 Nxd4 11. Bxd4 Bc6 12. Bf3 Qa5 13. Rad1 Rfd8 14. Rfe1 Rac8 15. Nd5 Qxd2 16. Rxd2 Bxd5 17. exd5 Rd7 18. b3 b5 19. c3 Rdc7 20. Rc2 Kf8 21. Kf1 Ne8 22. Bxg7+ Kxg7 23. Rec1 Nf6 24. Ke1 Rc5 25. b4 R5c7 26. Kd2 a6 27. a4 Rb8 28. Ra1 Nd7 1/2-1/2

[Event "Orlova op 14th"]
[Site "Orlova"]
[Date "2017.05.25"]
[Round "6"]
[White "Galuszka, Tomasz"]
[Black "Kraus, Frantisek"]
[Result "1/2-1/2"]
[WhiteElo "1753"]
[BlackElo "1983"]
[PlyCount "45"]
[EventDate "2017.05.20"]
[EventType "swiss"]
[EventRounds "9"]
[EventCountry "CZE"]
[SourceTitle "CBM 178 Extra"]
[Source "ChessBase"]
[SourceDate "2017.06.22"]
[SourceVersion "1"]
[SourceVersionDate "2017.06.22"]
[SourceQuality "1"]

1. e4 Nf6 2. e5 Nd5 3. c4 Nb6 4. d4 d6 5. f4 dxe5 6. fxe5 Bf5 7. Nc3 e6 8. Be3 Be7 9. Nf3 0-0 10. Be2 Nc6 11. 0-0 f6 12. Rc1 fxe5 13. Nxe5 Nxe5 14. dxe5 Bg5 15. Rf3 Bxe3+ 16. Rxe3 Qg5 17. Rg3 Qf4 18. c5 Rad8 19. Qf1 Qxf1+ 20. Bxf1 Nd7 21. c6 bxc6 22. Re3 Nb6 23. h3 1/2-1/2

[Event "Orlova op 14th"]
[Site "Orlova"]
[Date "2017.05.22"]
[Round "3"]
[White "Bakalarz, Mietek"]
[Black "Kraus, Frantisek"]
[Result "1-0"]
[WhiteElo "2288"]
[BlackElo "1983"]
[PlyCount "61"]
[EventDate "2017.05.20"]
[EventType "swiss"]
[EventRounds "9"]
[EventCountry "CZE"]
[SourceTitle "CBM 178 Extra"]
[Source "ChessBase"]
[SourceDate "2017.06.22"]
[SourceVersion "1"]
[SourceVersionDate "2017.06.22"]
[SourceQuality "1"]

1. e4 Nf6 2. e5 Nd5 3. d4 d6 4. Nf3 Bg4 5. h3 Bxf3 6. Qxf3 c6 7. c4 Nb6 8. e6 fxe6 9. Bd3 g6 10. h4 N8d7 11. h5 Rg8 12. hxg6 hxg6 13. Rh8 Nf6 14. Rxg8 Nxg8 15. Bxg6+ Kd7 16. Bf7 Nf6 17. Qe2 Kc7 18. Bxe6 Bg7 19. Bh3 Qg8 20. Bf4 Nfd7 21. Be6 Qh8 22. c5 Nd5 23. Bxd5 cxd5 24. Nc3 Qh1+ 25. Qf1 Qxf1+ 26. Kxf1 e5 27. Nxd5+ Kc6 28. Ne7+ Kb5 29. a4+ Kc4 30. Rc1+ Kxd4 31. Be3+ 1-0

[Event "Karvina op"]
[Site "Karvina"]
[Date "2016.07.10"]
[Round "9"]
[White "Cempel, Jaroslav"]
[Black "Kraus, Frantisek"]
[Result "1-0"]
[WhiteElo "2196"]
[BlackElo "1958"]
[PlyCount "50"]
[EventDate "2016.07.02"]
[EventType "swiss"]
[EventRounds "9"]
[EventCountry "CZE"]
[SourceTitle "EXT 2017"]
[Source "ChessBase"]
[SourceDate "2016.10.25"]
[SourceVersion "1"]
[SourceVersionDate "2016.10.25"]
[SourceQuality "1"]

1. d4 Nf6 2. Bf4 g6 3. Nc3 d5 4. e3 Bg7 5. h3 0-0 6. Nf3 c6 7. Bd3 Nbd7 8. 0-0 Re8 9. g4 Nf8 10. Qd2 N6d7 11. e4 dxe4 12. Nxe4 e5 13. dxe5 Nxe5 14. Nxe5 Bxe5 15. Bxe5 Rxe5 16. Qc3 Nd7 17. Rae1 h5 18. f4 Rxe4 19. Bxe4 hxg4 20. hxg4 Qh4 21. g5 Nf8 22. Re2 Be6 23. Rh2 Qg4+ 24. Kh1 Nh7 25. Qd2 Re8 1-0

[Event "Orlova op 13th"]
[Site "Orlova"]
[Date "2016.05.22"]
[Round "2"]
[White "Sebesta, Jan"]
[Black "Kraus, Frantisek"]
[Result "0-1"]
[WhiteElo "1425"]
[BlackElo "1979"]
[PlyCount "76"]
[EventDate "2016.05.21"]
[EventType "swiss"]
[EventRounds "9"]
[EventCountry "CZE"]
[SourceTitle "EXT 2017"]
[Source "ChessBase"]
[SourceDate "2016.10.25"]
[SourceVersion "1"]
[SourceVersionDate "2016.10.25"]
[SourceQuality "1"]

1. e4 Nf6 2. Nc3 d5 3. exd5 Nxd5 4. Bc4 e6 5. Nf3 Be7 6. 0-0 0-0 7. d3 c5 8. Bd2 Nc6 9. Bxd5 exd5 10. Re1 Bg4 11. h3 Be6 12. Ne2 Bf6 13. Rb1 Re8 14. Ng3 g6 15. Qc1 Qd7 16. Bg5 Bh8 17. Qd2 f6 18. Bh6 Qf7 19. Bf4 Rad8 20. Ne2 d4 21. c3 Bxa2 22. Ra1 Bd5 23. Nh2 f5 24. c4 Be6 25. Nf3 Qd7 26. Nc1 Bf7 27. Nb3 b6 28. Bg5 Rxe1+ 29. Rxe1 Re8 30. Nc1 Bg7 31. Ne2 a6 32. Ng3 Rxe1+ 33. Nxe1 b5 34. cxb5 axb5 35. Nc2 c4 36. dxc4 bxc4 37. Ne3 h6 38. Bf4 g5 0-1

[Event "Karvina op"]
[Site "Karvina"]
[Date "2015.06.29"]
[Round "3"]
[White "Lys, Josef"]
[Black "Kraus, Frantisek"]
[Result "1-0"]
[WhiteElo "2160"]
[BlackElo "2052"]
[PlyCount "55"]
[EventDate "2015.06.27"]
[EventType "swiss"]
[EventRounds "9"]
[EventCountry "CZE"]
[SourceTitle "CBM 167 Extra"]
[Source "ChessBase"]
[SourceDate "2015.09.14"]
[SourceVersion "1"]
[SourceVersionDate "2015.09.14"]
[SourceQuality "1"]

1. d4 Nf6 2. Nf3 g6 3. g3 Bg7 4. Bg2 d5 5. 0-0 0-0 6. Ne5 c6 7. c4 Nfd7 8. cxd5 Nxe5 9. dxe5 cxd5 10. f4 Qb6+ 11. Kh1 e6 12. Nc3 Rd8 13. b3 Bd7 14. Bb2 Bc6 15. Qd2 Na6 16. Rad1 Bf8 17. g4 Bh6 18. e3 Nc5 19. Qf2 Nd7 20. Rg1 Rac8 21. Ne2 Bb5 22. Nd4 Nc5 23. Ba3 Bg7 24. h4 Qa6 25. Bxc5 Rxc5 26. e4 Rc3 27. exd5 Rxd5 28. Bxd5 1-0

[Event "Orlova op-A 12th"]
[Site "Orlova"]
[Date "2015.05.30"]
[Round "8"]
[White "Kraus, Frantisek"]
[Black "Kowalczyk, Pawel"]
[Result "0-1"]
[WhiteElo "2052"]
[BlackElo "2292"]
[PlyCount "110"]
[EventDate "2015.05.24"]
[EventType "swiss"]
[EventRounds "9"]
[EventCountry "CZE"]
[SourceTitle "CBM 166 Extra"]
[Source "ChessBase"]
[SourceDate "2015.06.18"]
[SourceVersion "1"]
[SourceVersionDate "2015.06.18"]
[SourceQuality "1"]

1. e4 c5 2. Nf3 e6 3. d4 cxd4 4. Nxd4 Qb6 5. Nc3 Bc5 6. Be3 Nc6 7. Ncb5 a6 8. Nxc6 Bxe3 9. Nd6+ Kf8 10. fxe3 Qxc6 11. e5 f6 12. Qd4 fxe5 13. Qb4 Ne7 14. Bb5 axb5 15. 0-0+ Kg8 16. Nxc8 Qxc8 17. Qxe7 Qe8 18. Qc5 d5 19. Rf2 h5 20. Raf1 Rh6 21. Qc7 Qb8 22. Qf7+ Kh7 23. Rf6 Qc8 24. a3 Ra6 25. c3 Qc5 26. Rxh6+ Kxh6 27. Rf3 h4 28. Rh3 Qc4 29. g3 g5 30. Qf6+ Kh5 31. gxh4 Qg4+ 32. Rg3 Qd1+ 33. Kg2 Qc2+ 34. Kh3 Qf5+ 35. Qxf5 exf5 36. Rxg5+ Kh6 37. Rxf5 Re6 38. Rg5 Re7 39. Kg4 b4 40. axb4 d4 41. cxd4 exd4 42. exd4 Re4+ 43. Kf3 Rxd4 44. Rb5 Rd7 45. Ke4 Kg6 46. Rd5 Rc7 47. Kd4 Kf6 48. Rc5 Rg7 49. Kc4 Ke6 50. Kb5 Kd6 51. Rg5 Rh7 52. h5 Kc7 53. Rc5+ Kb8 54. Kb6 Rh6+ 55. Ka5 b6+ 0-1

[Event "Orlova op-A 12th"]
[Site "Orlova"]
[Date "2015.05.29"]
[Round "6"]
[White "Kostka, Vit"]
[Black "Kraus, Frantisek"]
[Result "1/2-1/2"]
[WhiteElo "2288"]
[BlackElo "2052"]
[PlyCount "77"]
[EventDate "2015.05.24"]
[EventType "swiss"]
[EventRounds "9"]
[EventCountry "CZE"]
[SourceTitle "CBM 166 Extra"]
[Source "ChessBase"]
[SourceDate "2015.06.18"]
[SourceVersion "1"]
[SourceVersionDate "2015.06.18"]
[SourceQuality "1"]

1. e4 Nf6 2. e5 Nd5 3. d4 d6 4. f4 Bf5 5. Nf3 e6 6. Bd3 Bg4 7. c3 dxe5 8. fxe5 Be7 9. 0-0 0-0 10. Qc2 h6 11. Qf2 c5 12. Qg3 f5 13. exf6 Nxf6 14. Ne5 Bd6 15. h3 cxd4 16. hxg4 Qb6 17. c4 Nc6 18. g5 Bxe5 19. Qh3 hxg5 20. Qxe6+ Kh8 21. Bxg5 Nb4 22. Qh3+ Kg8 23. c5 Qxc5 24. Qe6+ Kh8 25. Rf3 Nxd3 26. Rh3+ Nh7 27. Qg6 Rf1+ 28. Kxf1 Qf8+ 29. Rf3 Nf4 30. Bxf4 Bxf4 31. g3 Qc5 32. Rxf4 Qc1+ 33. Kg2 Rc8 34. Na3 Qxb2+ 35. Kh3 Qxa1 36. Rh4 Qh1+ 37. Kg4 Qd1+ 38. Kf4 Qe1 39. Kg4 1/2-1/2

[Event "Karvina op"]
[Site "Karvina"]
[Date "2014.06.28"]
[Round "1"]
[White "Horvath, Tomas"]
[Black "Kraus, Frantisek"]
[Result "0-1"]
[WhiteElo "1550"]
[BlackElo "2012"]
[PlyCount "104"]
[EventDate "2014.06.28"]
[EventType "swiss"]
[EventRounds "9"]
[EventCountry "CZE"]
[SourceTitle "CBM 161 Extra"]
[Source "ChessBase"]
[SourceDate "2014.08.29"]
[SourceVersion "1"]
[SourceVersionDate "2014.08.29"]
[SourceQuality "1"]

1. e4 Nf6 2. e5 Nd5 3. c4 Nb6 4. c5 Nd5 5. d4 e6 6. Bc4 d6 7. cxd6 cxd6 8. Bxd5 exd5 9. Nc3 Be6 10. Qb3 Nc6 11. Nf3 dxe5 12. Nxe5 Bd6 13. Nxc6 bxc6 14. Ne2 Qf6 15. Qc3 0-0 16. 0-0 Rfc8 17. Be3 Rab8 18. a3 c5 19. Ng3 c4 20. Rab1 Rb3 21. Qc2 Rcb8 22. h3 Qg6 23. Qxg6 hxg6 24. Ne2 Bf5 25. Ra1 Bd3 26. Nc1 Bxf1 27. Nxb3 Bxg2 28. Kxg2 Rxb3 29. Ra2 f6 30. Bd2 Kf7 31. Bc3 Ke6 32. Kf3 Kf5 33. Ra1 a5 34. Ke3 Bf4+ 35. Ke2 Ke4 36. f3+ Kf5 37. Kf2 a4 38. Rb1 Bd6 39. Ra1 Rb8 40. Re1 Rb3 41. Ra1 Kg5 42. Kg2 Rb7 43. Re1 Re7 44. Rxe7 Bxe7 45. Bd2+ Kf5 46. Kf2 Bd6 47. Ke2 Bf4 48. Be1 Bc1 49. Bc3 Kf4 50. Kf2 g5 51. Kg2 Ke3 52. Kg3 f5 0-1

[Event "Havirov op 14th"]
[Site "Havirov"]
[Date "2013.08.28"]
[Round "5"]
[White "Kraus, Frantisek"]
[Black "Pilch, David"]
[Result "1-0"]
[WhiteElo "2021"]
[BlackElo "1624"]
[PlyCount "109"]
[EventDate "2013.08.24"]
[EventType "swiss"]
[EventRounds "9"]
[EventCountry "CZE"]
[SourceTitle "CBM 156 Extra"]
[Source "ChessBase"]
[SourceDate "2013.10.22"]
[SourceVersion "1"]
[SourceVersionDate "2013.10.22"]
[SourceQuality "1"]

1. e4 e6 2. d4 d5 3. Nd2 c5 4. exd5 Qxd5 5. dxc5 Bxc5 6. Ngf3 Nf6 7. Be2 0-0 8. 0-0 Nc6 9. c4 Qd8 10. Nb3 Bb6 11. Qxd8 Rxd8 12. Bg5 Bd7 13. Rfd1 Be8 14. c5 Bc7 15. Nbd2 Ne7 16. b4 h6 17. Bxf6 gxf6 18. Ne4 Nd5 19. Bc4 Ba4 20. Rd2 Bf4 21. Rb2 Be8 22. Bxd5 exd5 23. Nxf6+ Kf8 24. g3 Bg5 25. Nh7+ Kg7 26. Nhxg5 hxg5 27. Nxg5 Bb5 28. Rd2 a5 29. bxa5 Rxa5 30. Rb1 Bc6 31. Rc1 Rda8 32. Nf3 Rxa2 33. Rxa2 Rxa2 34. Nd4 Rd2 35. Nxc6 bxc6 36. Kg2 Kg6 37. Kf3 d4 38. h4 d3 39. Rc3 Rc2 40. Rxd3 Rxc5 41. Rd6+ Kg7 42. g4 Rc4 43. Kg3 Rc1 44. f3 c5 45. Rc6 Rc4 46. g5 Kh7 47. h5 Kg7 48. f4 Kh7 49. Kg4 Rc3 50. Kf5 Kg7 51. h6+ Kg8 52. Kf6 Rf3 53. f5 Kh8 54. Rc7 Kg8 55. Rxc5 1-0

[Event "Orlova op 10th"]
[Site "Orlova"]
[Date "2013.05.17"]
[Round "5"]
[White "Kraus, Frantisek"]
[Black "Chlevistan, Jakub"]
[Result "1/2-1/2"]
[WhiteElo "2004"]
[BlackElo "2119"]
[PlyCount "22"]
[EventDate "2013.05.13"]
[EventType "swiss"]
[EventRounds "9"]
[EventCountry "CZE"]
[SourceTitle "CBM 154 Extra"]
[Source "ChessBase"]
[SourceDate "2013.06.25"]
[SourceVersion "2"]
[SourceVersionDate "2013.06.25"]
[SourceQuality "1"]

1. e4 e5 2. Nf3 Nf6 3. d4 Nxe4 4. Bd3 d5 5. Nxe5 Bd6 6. 0-0 0-0 7. Nd2 Nf6 8. Re1 c5 9. c3 cxd4 10. cxd4 Nc6 11. Nxc6 bxc6 1/2-1/2

[Event "Orlova op 10th"]
[Site "Orlova"]
[Date "2013.05.15"]
[Round "3"]
[White "Kraus, Frantisek"]
[Black "Podlesny, Pavel"]
[Result "1/2-1/2"]
[WhiteElo "2004"]
[BlackElo "2128"]
[PlyCount "76"]
[EventDate "2013.05.13"]
[EventType "swiss"]
[EventRounds "9"]
[EventCountry "CZE"]
[SourceTitle "CBM 154 Extra"]
[Source "ChessBase"]
[SourceDate "2013.06.25"]
[SourceVersion "2"]
[SourceVersionDate "2013.06.25"]
[SourceQuality "1"]

1. e4 e6 2. d4 b6 3. Nf3 Bb7 4. Bd3 Nf6 5. Nbd2 d5 6. e5 Nfd7 7. 0-0 Be7 8. Re1 c5 9. c3 Nc6 10. Nf1 Qc7 11. Be3 g6 12. Rc1 c4 13. Bc2 b5 14. Qd2 Nb6 15. Bg5 0-0-0 16. Bxe7 Nxe7 17. Qh6 Rdg8 18. Ng3 Qd8 19. h3 Bc6 20. Nf1 Nf5 21. Qg5 Qf8 22. N1h2 h6 23. Qd2 h5 24. Ng5 Qe7 25. Bxf5 gxf5 26. h4 Kc7 27. Nhf3 a5 28. a3 Ra8 29. Nh3 Nd7 30. Nfg5 Nf8 31. Nf4 Ng6 32. g3 Nxf4 33. Qxf4 b4 34. axb4 axb4 35. Ra1 bxc3 36. bxc3 Ba4 37. Qf3 Qd7 38. Ra3 Bc6 1/2-1/2

[Event "Orlova op 9th"]
[Site "Orlova"]
[Date "2012.05.25"]
[Round "5.8"]
[White "Lys, Josef"]
[Black "Kraus, Frantisek"]
[Result "1-0"]
[WhiteElo "2193"]
[BlackElo "2026"]
[PlyCount "43"]
[EventDate "2012.05.21"]
[EventType "swiss"]
[EventRounds "7"]
[EventCountry "CZE"]
[SourceTitle "CBM 148 Extra"]
[Source "ChessBase"]
[SourceDate "2012.06.22"]
[SourceVersion "1"]
[SourceVersionDate "2012.06.22"]
[SourceQuality "1"]

1. d4 Nf6 2. c4 g6 3. Nc3 d5 4. cxd5 Nxd5 5. g3 Nxc3 6. bxc3 Qd5 7. Nf3 c5 8. Bg2 cxd4 9. cxd4 Nc6 10. 0-0 Qh5 11. d5 Bg7 12. dxc6 Bxa1 13. Ng5 h6 14. Bf3 Bg4 15. cxb7 Bxf3 16. Nxf3 Rb8 17. Qa4+ Kf8 18. Qxa7 Kg7 19. Bf4 e5 20. Be3 Bb2 21. Rb1 e4 22. Nd4 1-0